The best American mystery stories 2002 / (Record no. 13814)
[ view plain ]
| 000 -LEADER | |
|---|---|
| fixed length control field | 00538cam a2200193Ia 4500 |
| 020 ## - INTERNATIONAL STANDARD BOOK NUMBER | |
| ISBN | 0618124942 : |
| 020 ## - INTERNATIONAL STANDARD BOOK NUMBER | |
| ISBN | 0618124934 |
| 040 ## - CATALOGING SOURCE | |
| Transcribing agency | UWB |
| 082 ## - DEWEY DECIMAL CLASSIFICATION NUMBER | |
| Classification number | 813 HOU 2002 A094 Or. |
| 245 04 - TITLE STATEMENT | |
| Title | The best American mystery stories 2002 / |
| 260 ## - PUBLICATION, DISTRIBUTION, ETC. (IMPRINT) | |
| Place of publication | Boston : |
| Name of publisher | Houghton Mifflin Co., |
| Year of publication | 2002. |
| 300 ## - PHYSICAL DESCRIPTION | |
| Number of Pages | xv, 405 p. ; |
| Dimensions | 22 cm. |
| 650 #0 - SUBJECT ADDED ENTRY--TOPICAL TERM | |
| Topical Term | Short stories, American |
| 650 #0 - SUBJECT ADDED ENTRY--TOPICAL TERM | |
| Topical Term | Short stories, American. |
| 650 #0 - SUBJECT ADDED ENTRY--TOPICAL TERM | |
| Topical Term | Detective and mystery stories, American. |
| 700 1# - ADDED ENTRY--PERSONAL NAME | |
| Personal name | Ellroy, James, |
| 700 1# - ADDED ENTRY--PERSONAL NAME | |
| Personal name | Penzler, Otto. |
| 942 ## - ADDED ENTRY ELEMENTS (KOHA) | |
| Koha item type | សៀវភៅភាសាអង់គ្លេស |
| 952 ## - LOCATION AND ITEM INFORMATION (KOHA) | |
| Withdrawn status [LOCAL, KOHA] | 0 |
| Permanent Location | Date acquired | Koha item type | Lost status | Shelving location | Barcode | Current Location | Full call number |
|---|---|---|---|---|---|---|---|
| Library Block A | 2017-08-31 | សៀវភៅភាសាអង់គ្លេស | A094 | A20066 | Library Block A | 813 HOU 2002 A094 Or. |